000 00605nam a22001817a 4500
005 20251108164204.0
008 250721s2000 xx 000 0 ara d
082 1 4 _a631.03/فاع
100 1 _aالفاعوري، وائل إبراهيم
245 1 0 _aمعجم المصطلحات البيئية و الزراعية و الجغرافية مع سرد البفائي :
_bعربي - إنكليزي /
264 1 _aعمان :
_bمركز الكتاب،
_c2000.
300 _a135ص
650 1 7 _aالقواميس
650 1 7 _aالزراعة
650 1 7 _aالبيئة
942 _2ddc
_cBK
999 _c5898
_d5898